| 000 | 00704nam a2200217 a 4500 | ||
|---|---|---|---|
| 005 | 20240924063853.0 | ||
| 008 | 070212s2005 es r 000 0 spa d | ||
| 020 | _a8420647365 | ||
| 035 | _aUPN01000149304 | ||
| 049 | _aCG | ||
| 050 | 4 |
_aLC1099 _bM8.4 |
|
| 245 | 0 | 0 |
_aMulticulturalidad y educación : _bteorías, ámbitos y prácticas / _ccoord. Tomás Fernández García. |
| 260 |
_aMadrid : _bAlianza, _c2005. |
||
| 300 | _a352 p. | ||
| 440 | 0 |
_aPolítica social. _pServicios sociales |
|
| 650 | 4 |
_aEducación multicultural _91565 |
|
| 650 | 4 |
_aEducación intercultural _94812 |
|
| 650 | 2 |
_aPluralismo (Ciencias sociales) _91172 |
|
| 700 | 1 |
_aFernández García, Tomás, _ecoord. |
|
| 905 | _aLibro | ||
| 999 |
_c121445 _d121445 |
||